Resources and Capabilities of the Department of Veterans Affairs to Provide Timely and Accessible Care to Veterans (Record no. 352498)
[ view plain ]
| 000 -LEADER | |
|---|---|
| fixed length control field | 00416nam a2200109Ia 4500 |
| 008 - FIXED-LENGTH DATA ELEMENTS--GENERAL INFORMATION | |
| fixed length control field | 171212s9999 xx 000 0 und d |
| 100 ## - MAIN ENTRY--PERSONAL NAME | |
| Personal name | Health, RAND |
| 245 ## - TITLE STATEMENT | |
| Statement of responsibility, etc | Health, RAND |
| Title | Resources and Capabilities of the Department of Veterans Affairs to Provide Timely and Accessible Care to Veterans |
| 260 ## - PUBLICATION, DISTRIBUTION, ETC. (IMPRINT) | |
| Name of publisher, distributor, etc | RAND Corporation |
| Date of publication, distribution, etc | 2015 |
| 650 ## - SUBJECT ADDED ENTRY--TOPICAL TERM | |
| Topical term or geographic name as entry element | Health Sciences |
| 856 ## - ELECTRONIC LOCATION AND ACCESS | |
| Uniform Resource Identifier | <a href="http://jstor.org/stable/10.7249/j.ctt19w7322">http://jstor.org/stable/10.7249/j.ctt19w7322</a> |
| Withdrawn status | Lost status | Damaged status | Home library | Current library | Date acquired | Total Checkouts | Date last seen | Price effective from | Koha item type |
|---|---|---|---|---|---|---|---|---|---|
| College Library | College Library | 12/12/2017 | 12/12/2017 | 12/12/2017 | Curriculum - Based eBooks |